| 000 | 00946nam a2200289Ia 4500 | ||
|---|---|---|---|
| 001 | Z_330 | ||
| 003 | CHAP | ||
| 008 | 220113s1969 xx 000 0 und d | ||
| 010 | _a163306 | ||
| 040 | _cCHAP | ||
| 090 | _aTesis C 544 | ||
| 100 |
_aCarmona Balandrano, Fernando F _919022 |
||
| 245 |
_aLa harina de pluma en combinación con la harina de pescado y la harina de sangre como fuentes proteicas para raciones de cerdos en desarrollo y finalización / _cpor Fernando F. Carmona Balandrano |
||
| 260 |
_aChapingo, Méx. : _bEl autor, _c1969 |
||
| 300 | _a40 h. | ||
| 502 | _aTesis (Ing. Agrónomo Esp. en Zootecnia) -- ENA. Departamento de Zootecnia | ||
| 650 |
_aGanado porcino _xAlimentación _945329 |
||
| 650 |
_aHarina de pescado _952722 |
||
| 650 |
_aHarina de pluma _952725 |
||
| 650 |
_aHarina de sangre _952727 |
||
| 901 | _aTESIS C 544 | ||
| 902 | _aM | ||
| 910 | _a1969 | ||
| 942 | _c2 | ||
| 942 | _c2 | ||
| 999 |
_c163306 _d163306 |
||